Podnikání v rámci jednotné bankovní licence
Princíp jednotnej licencie. Jednotná licencia ako zaujímavá forma podnikania. Začiatok podnikania. Informácie a podklady pre ČNB. Zvýšené nároky na compliance.
Guardado en:
| Autor principal: | |
|---|---|
| Formato: | Capítulo de libro |
| Lenguaje: | checo |
| Materias: | |
| Etiquetas: |
Sin Etiquetas, Sea el primero en etiquetar este registro!
|
MARC
| LEADER | 00000naa$a2200000$$$4500 | ||
|---|---|---|---|
| 001 | 0086121 | ||
| 005 | 20231010095417.9 | ||
| 041 | 0 | |a cze | |
| 044 | |a CZ | ||
| 245 | 1 | 0 | |a Podnikání v rámci jednotné bankovní licence |c Robert Šárovec |
| 520 | |a Princíp jednotnej licencie. Jednotná licencia ako zaujímavá forma podnikania. Začiatok podnikania. Informácie a podklady pre ČNB. Zvýšené nároky na compliance. | ||
| 610 | 2 | 0 | |a podnikanie |
| 610 | 2 | 0 | |a licencie |
| 610 | 2 | 0 | |a bankovníctvo |
| 610 | 2 | 0 | |a pobočky bankové |
| 100 | 1 | |a Šárovec, Robert | |